A learner's Arabic-English dictionary :

محفوظ في:

المؤلف الرئيسي: Steingass, Francis Joseph.

التنسيق: كتاب

اللغة: Undetermined

منشور في: Jullundur City : Asian Publishers, 1972.

الموضوعات:

الوسوم: إضافة وسم

لا توجد وسوم, كن أول من يضع وسما على هذه التسجيلة!

رقم الطلب: (Ref.) PJ6640 .S8

LEADER 00555nam a2200145Ia 4500
008 220712s9999||||xx |||||||||||||| ||und||
050 4 |a (Ref.) PJ6640 .S8 
100 1 |a Steingass, Francis Joseph. 
245 1 2 |a A learner's Arabic-English dictionary : 
264 1 |a Jullundur City :  |b Asian Publishers,  |c 1972. 
300 |a 1242p. :  |b  ;  |c 19cm. 
555 4 |o (Ref.) PJ6640 .S8 
650 4 |a Arabic language Dictionaries English. 
952 |0 0  |1 0  |2 lcc  |4 0  |7 1  |9 41855  |a ARCE  |b ARCE  |d 2022-07-21  |l 0  |o (Ref.) PJ6640 .S8  |p 1033955  |r 2022-07-21 00:00:00  |w 2022-07-21  |y BK 
999 |c 48834  |d 48834